[Event "4NCL Division 4 South"]
[Site "Reading, ENG"]
[Date "2017.03.19"]
[Round "8.63"]
[White "Jamieson, Ian"]
[Black "McMahon, Paul"]
[Result "1-0"]
[WhiteElo "1967"]
[BlackElo "1987"]
[PlyCount "81"]
[EventDate "2017.03.19"]
[WhiteTeam "Shropshire 2"]
[BlackTeam "Poisoned Pawns 2"]

1. b4 d5 2. e3 Bf5 3. Nf3 e6 4. b5 h6 5. a4 Nf6 6. Ba3 Bxa3 7. Nxa3 O-O 8. c4
dxc4 9. Nxc4 Bd3 10. Bxd3 Qxd3 11. Qe2 Qd5 12. O-O Nbd7 13. d4 Ne4 14. Nce5 c5
15. bxc6 bxc6 16. Nxd7 Qxd7 17. Rfc1 Rfc8 18. Ne5 Qd6 19. f3 Nf6 20. Nd3 Nd7
21. Nc5 a5 22. Nxd7 Qxd7 23. Rc5 Qb7 24. Rac1 Ra6 25. g4 Rb8 26. Qc4 Qc8 27.
Qc3 Qc7 28. f4 Rb4 29. Qd3 Qb7 30. R5c4 Rab6 31. Kf2 Rb3 {(=)} 32. Qe4 R3b4 33.
Kg3 Qd7 34. Rxc6 Rxc6 35. Rxc6 Qb7 36. Qc2 g6 37. Rc8+ Kg7 38. Qc5 Qe4 39. Qf8+
Kf6 40. Qh8+ Ke7 41. Qd8# 1-0

[Event "4NCL Division 4 South"]
[Site "Reading, ENG"]
[Date "2017.03.19"]
[Round "8.64"]
[White "McCorry, Robert T"]
[Black "Tarr, Steve F"]
[Result "1-0"]
[WhiteElo "1983"]
[BlackElo "1825"]
[PlyCount "121"]
[EventDate "2017.03.19"]
[WhiteTeam "Poisoned Pawns 2"]
[BlackTeam "Shropshire 2"]

1. c4 Nf6 2. Nc3 e6 3. d4 d5 4. cxd5 exd5 5. Bg5 c6 6. Qc2 Nbd7 7. e3 Bd6 8.
Bd3 h6 9. Bh4 Qc7 10. Nge2 a6 11. Bg3 O-O 12. O-O b5 13. a3 c5 14. dxc5 Nxc5
15. Rac1 Nxd3 16. Qxd3 Bxg3 17. hxg3 Qd7 18. Rfd1 Rd8 19. Rd2 Qg4 20. Qd4 Be6
21. Qxg4 Bxg4 22. Nf4 Rac8 23. f3 Be6 24. Rcd1 g5 25. Nfxd5 Nxd5 26. Nxd5 Rxd5
27. Rxd5 Bxd5 28. Rxd5 Rc1+ 29. Kh2 Rc2 30. Rd6 Kg7 31. b4 Rc3 32. Rxa6 Rxe3
33. Ra5 Rb3 34. g4 Rc3 35. Kg1 Rc1+ 36. Kf2 Rc2+ 37. Ke3 Rxg2 38. Rxb5 Ra2 39.
Ra5 f5 40. Rxf5 Rxa3+ 41. Kd4 Kg6 42. Ke4 Rb3 43. Rb5 Rb1 44. Rb6+ Kf7 45. Kf5
Rb3 46. Rb7+ Kf8 47. Kg6 Rxf3 48. Kxh6 Rb3 49. Kxg5 Kg8 50. Kg6 Kf8 51. g5 Rb1
52. Rb8+ Ke7 53. Kg7 Rg1 54. g6 Rb1 55. Kg8 Rg1 56. g7 Rb1 57. Rb5 Rg1 58. Rh5
Kf6 59. Rh6+ Ke7 60. Rh4 Rg5 61. Kh8 1-0

[Event "4NCL Division 4 South"]
[Site "Reading, ENG"]
[Date "2017.03.19"]
[Round "8.65"]
[White "Ross, Stuart"]
[Black "Judkins, Brian D"]
[Result "1/2-1/2"]
[WhiteElo "1720"]
[BlackElo "1788"]
[PlyCount "52"]
[EventDate "2017.03.19"]
[WhiteTeam "Shropshire 2"]
[BlackTeam "Poisoned Pawns 2"]

1. e4 e5 2. Nf3 Nf6 3. Nxe5 d6 4. Nf3 Nxe4 5. d4 d5 6. Bd3 Be7 7. O-O Nc6 8.
Re1 Bg4 9. c3 f5 10. Be2 O-O 11. Nbd2 Kh8 12. Nf1 Rf6 13. Ne3 Qd6 14. Nxg4 fxg4
15. Ng5 Raf8 16. Nxe4 dxe4 17. Be3 h5 18. Qc2 Qe6 19. b3 Qf5 20. Qd1 Bd6 21. g3
Nd8 22. Rf1 Ne6 23. Bc4 Ng5 24. Bxg5 Qxg5 25. Qc1 Qxc1 26. Raxc1 c6 1/2-1/2

[Event "4NCL Division 4 South"]
[Site "Reading, ENG"]
[Date "2017.03.19"]
[Round "8.66"]
[White "Ribbands, Patrick C"]
[Black "Peck, Windsor W A"]
[Result "1-0"]
[WhiteElo "1735"]
[BlackElo "1547"]
[PlyCount "91"]
[EventDate "2017.03.19"]
[WhiteTeam "Poisoned Pawns 2"]
[BlackTeam "Shropshire 2"]

1. c4 e6 2. e3 c6 3. Nc3 d5 4. Nf3 Bd6 5. Be2 Nf6 6. b3 Nbd7 7. Bb2 a6 8. Rc1
O-O 9. O-O b6 10. cxd5 cxd5 11. Rc2 Bb7 12. Qc1 Qe7 13. d3 Rfc8 14. Qb1 Rc7 15.
Rfc1 Rac8 16. Na4 Rxc2 17. Rxc2 Rxc2 18. Qxc2 b5 19. Nc3 Qd8 20. Nb1 Qb8 21. g3
h6 22. Nbd2 Qd8 23. a3 Qb8 24. b4 Ng4 25. Nb3 Nge5 26. Nxe5 Bxe5 27. Bxe5 Qxe5
28. d4 Qb8 29. Nc5 Qc7 30. a4 Qc6 31. axb5 axb5 32. Qd3 Nxc5 33. bxc5 Ba6 34.
Qa3 Kf8 35. Qa5 Ke7 36. Kf1 Kd7 37. Ke1 Kc8 38. Kd2 Kb8 39. Kc2 Kb7 40. Kb3 Qc7
41. Kb4 Qxa5+ 42. Kxa5 Ka7 43. Bxb5 Bc8 44. Be8 f6 45. c6 g5 46. Bd7 1-0

[Event "4NCL Division 4 South"]
[Site "Reading, ENG"]
[Date "2017.03.19"]
[Round "8.81"]
[White "Farr, Peter G"]
[Black "Sheikh, Nasarullah"]
[Result "1-0"]
[WhiteElo "2117"]
[BlackElo "1640"]
[PlyCount "51"]
[EventDate "2017.03.19"]
[WhiteTeam "Kent Kestrels"]
[BlackTeam "D&D Utd"]

1. c4 Nf6 2. Nc3 Nc6 3. Nf3 e6 4. e4 Bb4 5. e5 Ng8 6. d4 d5 7. a3 Bxc3+ 8. bxc3
h6 9. Bd3 Nge7 10. O-O b6 11. cxd5 exd5 12. Re1 Be6 13. a4 Na5 14. Nd2 Qd7 15.
Ba3 Nec6 16. Qe2 O-O-O 17. Bb5 h5 18. Bb4 Kb8 19. Bxa5 bxa5 20. Nb3 Qe8 21.
Nxa5 Bd7 22. Bxc6 Bxc6 23. Qa6 Rh6 24. e6 Rd6 25. Rab1+ Ka8 26. Nxc6 1-0

[Event "4NCL Division 4 South"]
[Site "Reading, ENG"]
[Date "2017.03.19"]
[Round "8.82"]
[White "Jaufarally, Nadia"]
[Black "Allison, Conrad"]
[Result "1-0"]
[WhiteElo "1681"]
[BlackElo "1925"]
[PlyCount "81"]
[EventDate "2017.03.19"]
[WhiteTeam "D&D Utd"]
[BlackTeam "Kent Kestrels"]

1. d4 Nf6 2. Bf4 g6 3. e3 c5 4. c3 Bg7 5. h3 b6 6. Nf3 Bb7 7. Be2 O-O 8. O-O d6
9. a4 a6 10. Qb3 Nbd7 11. Nbd2 Rc8 12. Rfc1 Qc7 13. Bc4 h6 14. Bg3 Qb8 15. Nh4
Qa8 16. Nxg6 d5 17. Nxe7+ Kh8 18. Be2 Rce8 19. Nf5 Rg8 20. Qd1 Ne4 21. Nxe4
Rxe4 22. Bh5 Nf6 23. Bxf7 Rf8 24. Bg6 Re6 25. Be5 Qd8 26. g4 Rxe5 27. dxe5 Ne4
28. f3 Ng5 29. Qf1 d4 30. e4 Bxe5 31. h4 Ne6 32. Rc2 Nf4 33. h5 Qg5 34. Rd1
Bxe4 35. fxe4 Qxg4+ 36. Kh1 Nh3 37. Rg2 Qxe4 38. Qe2 Qf4 39. Rf1 Nf2+ 40. Rfxf2
Qc1+ 41. Rg1 1-0

[Event "4NCL Division 4 South"]
[Site "Reading, ENG"]
[Date "2017.03.19"]
[Round "8.83"]
[White "Watson, Jacob"]
[Black "Kilcline, Declan A"]
[Result "1-0"]
[WhiteElo "1773"]
[BlackElo "1652"]
[PlyCount "109"]
[EventDate "2017.03.19"]
[WhiteTeam "Kent Kestrels"]
[BlackTeam "D&D Utd"]

1. e4 c5 2. Nf3 d6 3. d4 cxd4 4. Nxd4 Nf6 5. Nc3 a6 6. g3 e6 7. Bg2 Be7 8. Be3
O-O 9. O-O Nbd7 10. f4 Qc7 11. f5 Ne5 12. Rb1 Rb8 13. Nce2 Nc4 14. Bc1 e5 15.
b3 Qb6 16. bxc4 Qxb1 17. Nb3 Ng4 18. Rf3 Bg5 19. Nc3 Ne3 20. Rxe3 Bxe3+ 21. Kh1
Qxc1 22. Nxc1 Bxc1 23. Qxc1 b5 24. cxb5 axb5 25. Nd5 f6 26. Bf1 Bd7 27. Bd3 Kh8
28. g4 Bc6 29. c4 Bxd5 30. cxd5 Rfc8 31. Qd2 b4 32. Bc2 Rc3 33. Bb3 h6 34. Kg2
Rbc8 35. h4 Kh7 36. g5 hxg5 37. hxg5 fxg5 38. Qxg5 Rd3 39. f6 g6 40. Qh4+ Kg8
41. Qh6 Rc7 42. Qxg6+ Kh8 43. Qg5 Rd4 44. Qh6+ Kg8 45. Kf2 Rd3 46. Qg6+ Kf8 47.
Ba4 Rf7 48. Qh6+ Kg8 49. Be8 Rh7 50. f7+ Rxf7+ 51. Bxf7+ Kxf7 52. Qe6+ Kg7 53.
Qxd6 Rd2+ 54. Ke1 Rxa2 55. Qxe5+ 1-0

[Event "4NCL Division 4 South"]
[Site "Reading, ENG"]
[Date "2017.03.19"]
[Round "8.84"]
[White "Sheikh, Anum"]
[Black "Watson, Mikey J"]
[Result "1-0"]
[WhiteElo "1495"]
[BlackElo "1724"]
[PlyCount "47"]
[EventDate "2017.03.19"]
[WhiteTeam "D&D Utd"]
[BlackTeam "Kent Kestrels"]

1. e4 d6 2. d4 Nf6 3. Nc3 g6 4. f4 Bg7 5. Nf3 c6 6. Bd3 b5 7. O-O O-O 8. h3 b4
9. Ne2 Bb7 10. e5 Nd5 11. c4 Nb6 12. Be3 N8d7 13. Ng3 Bh6 14. Qd2 Ba6 15. b3
Qc7 16. Qxb4 d5 17. Rac1 dxc4 18. bxc4 Rab8 19. Qxe7 Rfe8 20. Qh4 Bg7 21. f5
Qd8 22. Bg5 f6 23. exf6 Bxf6 24. fxg6 1-0

[Event "4NCL Division 4 South"]
[Site "Reading, ENG"]
[Date "2017.03.19"]
[Round "8.85"]
[White "Lettington, David"]
[Black "Kilcline, Jenny"]
[Result "1/2-1/2"]
[WhiteElo "1636"]
[BlackElo "1517"]
[PlyCount "89"]
[EventDate "2017.03.19"]
[WhiteTeam "Kent Kestrels"]
[BlackTeam "D&D Utd"]

1. Nf3 f5 2. g3 Nf6 3. Bg2 g6 4. O-O Bg7 5. d3 O-O 6. Nbd2 d6 7. c3 Qe8 8. Ng5
e5 9. Qb3+ Kh8 10. Bxb7 Bxb7 11. Qxb7 Qc6 12. Qxc6 Nxc6 13. Ne6 Rf7 14. Nf3 Re7
15. Nxg7 Kxg7 16. Bg5 h6 17. Bxf6+ Kxf6 18. e4 Rg7 19. Rae1 a5 20. Nd2 h5 21.
Nc4 a4 22. Ne3 Ne7 23. f4 exf4 24. Rxf4 g5 25. Rf2 f4 26. Kh1 Ng6 27. gxf4 Nxf4
28. Nd5+ Ke6 29. Nxf4+ gxf4 30. Rxf4 Rb8 31. Rf2 h4 32. Rg1 Rf7 33. Rxf7 Kxf7
34. Rg2 Ke6 35. Kg1 Ke5 36. Rf2 h3 37. Kf1 c5 38. Ke1 c4 39. Rf5+ Ke6 40. dxc4
Rxb2 41. Rf2 Rb1+ 42. Kd2 a3 43. Kd3 Ke5 44. Rf5+ Ke6 45. Rf2 1/2-1/2

[Event "4NCL Division 4 South"]
[Site "Reading, ENG"]
[Date "2017.03.19"]
[Round "8.86"]
[White "Jaufarally, Mohammud"]
[Black "Nayak, Aurideep"]
[Result "1-0"]
[WhiteElo "1532"]
[BlackElo "1590"]
[PlyCount "59"]
[EventDate "2017.03.19"]
[WhiteTeam "D&D Utd"]
[BlackTeam "Kent Kestrels"]

1. d4 f5 2. Nf3 Nf6 3. Bf4 e6 4. e3 Be7 5. Be2 O-O 6. h3 b6 7. Nbd2 Bb7 8. c3
Nh5 9. Bh2 Nf6 10. Qc2 d6 11. Bc4 Qd7 12. O-O d5 13. Ne5 Qd8 14. Be2 Nbd7 15.
Ndf3 Nxe5 16. Nxe5 Nd7 17. Nf3 Nf6 18. a4 Bd6 19. Ne5 a5 20. Bb5 Bxe5 21. Bxe5
Nd7 22. Bxd7 Qxd7 23. f4 Rfc8 24. Qf2 g6 25. Qh4 Rf8 26. Rf3 Rf7 27. Rg3 Qe7
28. Rxg6+ Kf8 29. Qh6+ Ke8 30. Rxe6 1-0

[Event "4NCL Division 4 South"]
[Site "Reading, ENG"]
[Date "2017.03.19"]
[Round "8.91"]
[White "Samworth-Calvier, Juju"]
[Black "Donaghay, Richard H"]
[Result "0-1"]
[WhiteElo "1651"]
[BlackElo "1857"]
[PlyCount "38"]
[EventDate "2017.03.19"]
[WhiteTeam "Sussex Martlets 3"]
[BlackTeam "Iceni 2"]

1. e4 d6 2. d4 Nf6 3. Nc3 c6 4. f4 Qa5 5. Bd3 Bg4 6. Nf3 Nbd7 7. e5 Nd5 8. Bd2
O-O-O 9. a4 dxe5 10. fxe5 e6 11. O-O Bb4 12. Ne4 Bxf3 13. Rxf3 Bxd2 14. Nxd2
Qb6 15. Nb3 Nxe5 16. a5 Nxf3+ 17. Qxf3 Qc7 18. Nc5 Qf4 19. Qe2 Qxd4+ 0-1

[Event "4NCL Division 4 South"]
[Site "Reading, ENG"]
[Date "2017.03.19"]
[Round "8.92"]
[White "Jones, Robert L"]
[Black "Woods, Timothy J"]
[Result "1-0"]
[WhiteElo "1781"]
[BlackElo "1643"]
[PlyCount "103"]
[EventDate "2017.03.19"]
[WhiteTeam "Iceni 2"]
[BlackTeam "Sussex Martlets 3"]

1. d4 d6 2. c4 Nf6 3. Nc3 g6 4. e4 Bg7 5. f3 O-O 6. Be3 Nbd7 7. Nh3 c5 8. Qd2
Qa5 9. Be2 a6 10. Nf2 cxd4 11. Bxd4 Ne5 12. Bxe5 Qxe5 13. O-O-O Qa5 14. Kb1 b5
15. Nd5 Qd8 16. cxb5 axb5 17. Nb4 Be6 18. a3 Qb6 19. Nfd3 Nd7 20. Nf4 Nc5 21.
Nfd5 Bxd5 22. Nxd5 Qb7 23. Qb4 Rfb8 24. Nc3 Na4 25. Nxa4 Rxa4 26. Qb3 Raa8 27.
Rd5 b4 28. a4 Qa7 29. Bb5 e6 30. Rdd1 Qa5 31. Rhe1 Bf8 {(=)} 32. Re2 Bh6 33. g3
Bf8 34. Rd4 Qa7 35. Red2 e5 36. Rd5 Be7 37. Qxb4 Qe3 38. R5d3 Qb6 39. Qb3 Qa7
40. Qd5 Qa5 41. Bc6 Ra7 42. Qxa5 Rxa5 43. Rd5 Rc5 44. Bb5 Ra8 45. Rxc5 dxc5 46.
b3 Rd8 47. Rxd8+ Bxd8 48. Kc2 Kf8 49. Kd3 Ke7 50. Kc4 Kd6 51. Be8 f6 52. Kb5
1-0

[Event "4NCL Division 4 South"]
[Site "Reading, ENG"]
[Date "2017.03.19"]
[Round "8.93"]
[White "Littlehales, Alexander"]
[Black "Usher, Michael E"]
[Result "1/2-1/2"]
[WhiteElo "1697"]
[BlackElo "1731"]
[PlyCount "59"]
[EventDate "2017.03.19"]
[WhiteTeam "Sussex Martlets 3"]
[BlackTeam "Iceni 2"]

1. e4 e6 2. d4 d5 3. exd5 exd5 4. Nc3 c6 5. Nf3 Bd6 6. Bd3 Ne7 7. Bd2 Bf5 8.
Bxf5 Nxf5 9. Qe2+ Ne7 10. O-O O-O 11. Rfe1 Qc7 12. Qd3 Nd7 13. Re2 Ng6 14. Rae1
f6 15. g3 Nb6 16. b3 Qd7 17. Kg2 Rae8 18. Nd1 Rxe2 19. Rxe2 Nc8 20. h4 Qg4 21.
c4 Nce7 22. Re1 f5 23. Rh1 f4 24. h5 fxg3 25. hxg6 gxf2+ 26. Kxf2 Qg3+ 27. Ke2
Qg2+ 28. Nf2 Nf5 29. gxh7+ Kh8 30. Rh3 1/2-1/2

[Event "4NCL Division 4 South"]
[Site "Reading, ENG"]
[Date "2017.03.19"]
[Round "8.94"]
[White "Balakrishnan, Kathirvel"]
[Black "Finn, Daniel"]
[Result "1/2-1/2"]
[WhiteElo "1575"]
[BlackElo "1521"]
[PlyCount "121"]
[EventDate "2017.03.19"]
[WhiteTeam "Iceni 2"]
[BlackTeam "Sussex Martlets 3"]

1. d4 d5 2. Nf3 Nf6 3. e3 e6 4. Bd3 c5 5. c3 Nbd7 6. Nbd2 Bd6 7. O-O O-O 8. Re1
b6 9. e4 dxe4 10. Nxe4 Be7 11. dxc5 Nxc5 12. Nxc5 Bxc5 13. Be3 Bxe3 14. Rxe3
Bb7 15. h3 Qc7 16. Be2 Rfd8 17. Rd3 Rxd3 18. Qxd3 Rd8 19. Qc2 Be4 20. Qb3 Rd6
21. Rd1 h6 22. Rxd6 Qxd6 23. Qd1 Qxd1+ 24. Bxd1 Bxf3 25. Bxf3 Kf8 26. Kf1 Ke7
27. Ke2 Kd6 28. b4 Nd7 29. Bb7 g5 30. Ke3 f5 31. Bc8 f4+ 32. Kd4 Nf6 33. f3 Nd5
34. a3 Ne3 35. a4 Nxg2 36. c4 e5+ 37. Ke4 Ne3 38. c5+ bxc5 39. bxc5+ Kxc5 40.
Kxe5 a5 41. Kf6 Kd6 42. Kg6 Ke5 43. Kxh6 Kf6 44. Kh7 Nd5 45. Bb7 Nc3 46. Bc6
Ne2 47. Kh6 Ng1 48. Kh5 Nxh3 49. Kg4 Nf2+ 50. Kh5 Nd1 51. Kg4 Ne3+ 52. Kh5 Nc2
53. Kg4 Nd4 54. Be4 Ne2 55. Bd3 Nd4 56. Be4 Ne6 57. Bd5 Ng7 58. Bc6 Nf5 {(=)}
59. Be4 Ne3+ 60. Kh5 Nf1 61. Bc6 1/2-1/2

[Event "4NCL Division 4 South"]
[Site "Reading, ENG"]
[Date "2017.03.19"]
[Round "8.95"]
[White "Hedger, Alec"]
[Black "Rowles, Sarah"]
[Result "1/2-1/2"]
[WhiteElo "1492"]
[BlackElo "1540"]
[PlyCount "67"]
[EventDate "2017.03.19"]
[WhiteTeam "Sussex Martlets 3"]
[BlackTeam "Iceni 2"]

1. e4 c5 2. d4 cxd4 3. c3 Nc6 4. cxd4 Nf6 5. Nc3 d5 6. e5 Ne4 7. Nxe4 dxe4 8.
Be3 Qa5+ 9. Qd2 Qxd2+ 10. Kxd2 e6 11. a3 Be7 12. Ne2 O-O 13. g4 f6 14. exf6
Bxf6 15. g5 Be7 16. Bg2 e5 17. d5 Na5 18. Kc3 Bf5 19. b3 Rac8+ 20. Kb2 b6 21.
Rac1 Nb7 22. b4 Nd6 23. Kb3 g6 24. Ng3 Kh8 25. h4 Rg8 26. Rc6 Rxc6 27. dxc6
Be6+ 28. Kc3 Bd5 29. Rc1 Bxc6 30. Kd2 Bb7 31. Rc7 Rd8 32. Ke1 Bf8 33. h5 Kg8
34. h6 1/2-1/2

[Event "4NCL Division 4 South"]
[Site "Reading, ENG"]
[Date "2017.03.19"]
[Round "8.96"]
[White "Thatte, Nishchal"]
[Black "Gray, Edward"]
[Result "1-0"]
[WhiteElo "1589"]
[BlackElo "1351"]
[PlyCount "105"]
[EventDate "2017.03.19"]
[WhiteTeam "Iceni 2"]
[BlackTeam "Sussex Martlets 3"]

1. e4 c5 2. c3 Nf6 3. e5 Nd5 4. d4 cxd4 5. Nf3 e6 6. cxd4 Bb4+ 7. Bd2 Bxd2+ 8.
Nbxd2 O-O 9. g3 Nc6 10. Nc4 b5 11. Nd6 Qa5+ 12. Qd2 Qxd2+ 13. Kxd2 a6 14. Bg2
Rb8 15. Rac1 Nde7 16. g4 Bb7 17. Ng5 h6 18. Nge4 Nc8 19. h4 Nxd6 20. Nxd6 Ba8
21. Ke3 Nb4 22. Bxa8 Rxa8 {(=)} 23. g5 hxg5 24. hxg5 Nd5+ 25. Kd2 Rfd8 26. Rcg1
Nb6 27. b3 g6 28. Rh6 Kg7 29. Rgh1 Rh8 30. Rxh8 Rxh8 31. Rxh8 Kxh8 32. Nxf7+
Kg7 33. Nd6 Nd5 34. Ne8+ Kf7 35. Nf6 Nb6 36. Kd3 b4 {(=)} 37. Ne4 Ke7 38. Nc5
a5 39. Nb7 a4 40. bxa4 Nxa4 41. Kc4 Nc3 42. a3 Ne4 43. Kxb4 Nxg5 44. a4 Nf7 45.
a5 Nd8 46. Nxd8 Kxd8 47. Kc5 Kc7 48. a6 g5 49. a7 Kb7 50. Kd6 Kxa7 51. Kxd7 Kb6
52. Kxe6 Kc6 53. d5+ 1-0

[Event "4NCL Division 4 South"]
[Site "Reading, ENG"]
[Date "2017.03.19"]
[Round "8.101"]
[White "Goodwin, Ed H"]
[Black "Stoyanov, Viktor"]
[Result "1-0"]
[WhiteElo "1907"]
[BlackElo "1930"]
[PlyCount "189"]
[EventDate "2017.03.19"]
[WhiteTeam "Throw in the Tal 2"]
[BlackTeam "Sandhurst Cadets"]

1. d4 Nf6 2. Bg5 Ne4 3. Bf4 c5 4. f3 Nf6 5. d5 d6 6. e4 g6 7. c4 Bg7 8. Bd3
Nbd7 9. Nc3 a6 10. Nge2 Qc7 11. O-O O-O 12. Qd2 Nh5 13. Bh6 Ne5 14. Bxg7 Nxg7
15. f4 Nxd3 16. Qxd3 f5 17. Qd2 fxe4 18. Nxe4 b5 19. b3 Bf5 20. N2g3 h6 21.
Rae1 bxc4 22. bxc4 Qd7 23. Nc3 Rab8 24. Qe2 Rf7 25. Nd1 Bg4 26. Qc2 Bxd1 27.
Rxd1 Nf5 28. Nxf5 Qxf5 29. Qxf5 Rxf5 30. Rde1 Rf7 31. Re6 Kg7 32. Rfe1 Rb7 33.
h3 h5 34. R1e3 h4 35. Kh2 Kh6 36. g3 hxg3+ 37. Kxg3 Rb4 38. Rxe7 Rxe7 39. Rxe7
Rxc4 40. Rd7 Ra4 41. Rxd6 Rxa2 42. f5 Ra3+ 43. Kf4 Rxh3 44. Rxg6+ Kh7 45. Rxa6
c4 46. Rc6 Kg7 47. Ke5 c3 48. Rc7+ Kf8 49. d6 Re3+ 50. Kd4 Re1 51. Rxc3 Ke8 52.
Rc7 Rd1+ 53. Ke5 Re1+ 54. Kf6 Rd1 55. Rc6 Kd7 56. Ra6 Rf1 57. Kg6 Ke8 58. Ra4
Rg1+ 59. Kf6 Kd7 60. Rd4 Rf1 61. Kg6 Rg1+ 62. Kf7 Rg2 63. f6 Rg1 64. Kf8 Rg2
65. f7 Rg1 66. Re4 Kd8 67. Re6 Kd7 68. Rh6 Rg2 69. Rh7 Kxd6 70. Rg7 Ra2 71. Kg8
Ra8+ 72. f8=Q+ Rxf8+ 73. Kxf8 Ke6 74. Rg5 Kf6 75. Ra5 Ke6 76. Kg7 Kd6 77. Kf6
Kc6 78. Ke6 Kb6 79. Ra1 Kc5 80. Rd1 Kc4 81. Ke5 Kc3 82. Ke4 Kc2 83. Rd8 Kc3 84.
Rd7 Kb4 85. Rc7 Kb5 86. Kd4 Kb6 87. Rc1 Kb5 88. Rc2 Kb6 89. Kd5 Kb7 90. Kd6 Ka6
91. Rb2 Ka5 92. Kc5 Ka4 93. Rb8 Ka3 94. Kc4 Ka2 95. Kc3 1-0

[Event "4NCL Division 4 South"]
[Site "Reading, ENG"]
[Date "2017.03.19"]
[Round "8.102"]
[White "Vallis, Luke"]
[Black "Ward, Andrew"]
[Result "1-0"]
[WhiteElo "1960"]
[BlackElo "1847"]
[PlyCount "103"]
[EventDate "2017.03.19"]
[WhiteTeam "Sandhurst Cadets"]
[BlackTeam "Throw in the Tal 2"]

1. c4 f5 2. g3 Nf6 3. Bg2 e6 4. a3 Be7 5. Nc3 O-O 6. d3 Nc6 7. e3 e5 8. Nge2
Qe8 9. O-O d6 10. f4 Qh5 11. Nd5 Bd8 12. Nec3 Qh6 13. Nb5 Nxd5 14. Bxd5+ Be6
15. fxe5 dxe5 16. Qf3 Bxd5 17. cxd5 e4 18. dxe4 Ne5 19. Qf4 Qxf4 20. exf4 Nd3
21. e5 a6 22. Nd4 Be7 23. Ne6 Bc5+ 24. Kg2 Rf7 25. b4 Bb6 26. Ra2 Rd7 27. Rd1
Nxc1 28. Rxc1 Rxd5 29. Nxc7 Bxc7 30. Rxc7 b5 31. Rac2 Rd3 32. e6 Re8 33. Rd7
Re3 34. Rcc7 R8xe6 35. Rxg7+ Kf8 36. Rxh7 Re2+ 37. Kh3 Kg8 38. Rhg7+ Kh8 39.
Rh7+ Kg8 40. Rh5 Rf6 41. Rc5 Re3 42. Rcxf5 Rxf5 43. Rxf5 Rxa3 44. Rf6 Kg7 45.
Rb6 Kf7 46. Kg4 Ke7 47. h4 Kd7 48. h5 Kc7 49. Rg6 Kb7 50. h6 Ra1 51. Rg5 Re1
52. h7 1-0

[Event "4NCL Division 4 South"]
[Site "Reading, ENG"]
[Date "2017.03.19"]
[Round "8.103"]
[White "Price, Andrew"]
[Black "Isaksen, Peter A"]
[Result "1/2-1/2"]
[WhiteElo "1870"]
[BlackElo "1877"]
[PlyCount "101"]
[EventDate "2017.03.19"]
[WhiteTeam "Throw in the Tal 2"]
[BlackTeam "Sandhurst Cadets"]

1. d4 Nf6 2. Nf3 e6 3. Bg5 b6 4. c4 Bb7 5. Nc3 Bb4 6. e3 O-O 7. Bd3 h6 8. Bxf6
Qxf6 9. O-O d5 10. cxd5 exd5 11. Qb3 Bxc3 12. Qxc3 c5 13. Rac1 Nd7 14. dxc5
Qxc3 15. Rxc3 Nxc5 16. Bf5 Ne4 17. Rc7 Nd6 18. Bd3 Rac8 19. Rfc1 Rxc7 20. Rxc7
Rc8 21. Rxc8+ Bxc8 22. Nd4 Bd7 23. Kf1 Kf8 24. Ke2 Ke7 25. b3 f5 26. a4 Kf6 27.
Nf3 {(=)} a5 28. Nd4 g5 29. g3 Ne4 30. Bc2 Ke5 31. f3 Nd6 32. f4+ gxf4 33.
gxf4+ Kf6 34. Kd3 Ne4 35. Ke2 Be8 36. Kf1 Nd6 37. Bd1 Ne4 38. Be2 Bd7 39. Bf3
Nd2+ 40. Ke2 Nxf3 41. Kxf3 Be8 42. Kg3 Bh5 43. Kf2 Bg4 44. Kg3 Bd1 45. Kf2 h5
46. Ke1 Bg4 47. h4 Ke7 48. Kd2 Kd6 49. Kc3 Bh3 50. Nb5+ Kc6 51. Nd4+ 1/2-1/2

[Event "4NCL Division 4 South"]
[Site "Reading, ENG"]
[Date "2017.03.19"]
[Round "8.104"]
[White "Vallis, Nicholas J"]
[Black "Zarev, Dragomir"]
[Result "0-1"]
[WhiteElo "1622"]
[BlackElo "1765"]
[PlyCount "48"]
[EventDate "2017.03.19"]
[WhiteTeam "Sandhurst Cadets"]
[BlackTeam "Throw in the Tal 2"]

1. c4 e5 2. Nc3 Nf6 3. g3 d5 4. cxd5 Nxd5 5. Bg2 Nb6 6. d3 Nc6 7. Nf3 Bd6 8.
O-O O-O 9. Ne4 Be6 10. b3 Qd7 11. Bb2 f5 12. Nxd6 cxd6 13. Ng5 Rae8 14. Rc1 f4
15. Nxe6 Rxe6 16. Bh3 Nd5 17. Qd2 Qf7 18. Bxe6 Qxe6 19. Kg2 Nce7 20. h3 h5 21.
e3 Ng6 22. exf4 Ngxf4+ 23. gxf4 Nxf4+ 24. Kg1 Qg6+ 0-1

[Event "4NCL Division 4 South"]
[Site "Reading, ENG"]
[Date "2017.03.19"]
[Round "8.105"]
[White "Woolgar, Steven G"]
[Black "Stoyanov, Boris"]
[Result "1-0"]
[WhiteElo "1780"]
[BlackElo "1525"]
[PlyCount "99"]
[EventDate "2017.03.19"]
[WhiteTeam "Throw in the Tal 2"]
[BlackTeam "Sandhurst Cadets"]

1. c4 Nf6 2. Nc3 e5 3. g3 Bc5 4. Bg2 Nc6 5. d3 O-O 6. Nf3 d6 7. Bg5 Be6 8. a3
h6 9. Bxf6 Qxf6 10. Ne4 Qf5 11. Nxc5 dxc5 12. O-O Qf6 13. Nd2 Bf5 14. Rb1 Qe6
15. Ne4 b6 16. Nc3 Bh3 17. Nd5 Rac8 18. b4 cxb4 19. axb4 Bxg2 20. Kxg2 Ne7 21.
Nxe7+ Qxe7 22. Qa4 c6 23. Rfc1 e4 24. d4 e3 25. f3 Rc7 26. b5 c5 27. d5 f5 28.
Qd1 Rd7 29. Qd3 f4 30. Rd1 Qe5 31. Qe4 Qxe4 32. fxe4 fxg3 33. Kxg3 Rf6 34. Rb3
Rg6+ 35. Kf3 Rf7+ 36. Kxe3 Rg2 37. Re1 Rxh2 38. Kd2 Rh4 39. Re3 Kf8 40. Kd3 Ke7
41. Ra1 Kd8 42. Rf3 Rd7 43. e5 Rd4+ 44. Kc3 Ke8 45. e3 Re4 46. e6 Re7 47. Rd1
Kd8 48. Kd3 Re5 49. Rdf1 Ke8 50. Rf8# 1-0

[Event "4NCL Division 4 South"]
[Site "Reading, ENG"]
[Date "2017.03.19"]
[Round "8.106"]
[White "Wilson, Andrew C"]
[Black "Jones, Howard"]
[Result "1/2-1/2"]
[WhiteElo "1232"]
[BlackElo "1675"]
[PlyCount "83"]
[EventDate "2017.03.19"]
[WhiteTeam "Sandhurst Cadets"]
[BlackTeam "Throw in the Tal 2"]

1. d4 Nf6 2. Nf3 g6 3. Nc3 Bg7 4. e4 d6 5. Bf4 O-O 6. Bc4 c6 7. e5 Ne8 8. O-O
d5 9. Bd3 Nc7 10. Re1 Ne6 11. Bd2 Nd7 12. Na4 b5 13. Nc3 Nb6 14. b3 a5 15. a3
Qc7 16. Qc1 Re8 17. Bh6 Nf8 18. Bxg7 Kxg7 19. Ng5 Ne6 20. Nxe6+ Bxe6 21. h3 Rh8
22. Qf4 Raf8 23. Qg3 Qd7 24. Kh2 Bf5 25. Rh1 Bxd3 26. Qxd3 f6 27. exf6+ Rxf6
28. Raf1 Rhf8 29. Kg1 Qd6 30. Nb1 Nd7 31. Qd2 b4 32. axb4 axb4 33. h4 e5 34. h5
e4 35. hxg6 Rxg6 36. Qe3 Rf3 37. Qe2 Qe6 38. Nd2 Qg4 39. Rh2 Rf7 40. Qxg4 Rxg4
41. f3 exf3 42. Rxf3 1/2-1/2

[Event "4NCL Division 4 South"]
[Site "Reading, ENG"]
[Date "2017.03.19"]
[Round "8.111"]
[White "Homolka, Vincent"]
[Black "Karia, Rishul"]
[Result "1/2-1/2"]
[WhiteElo "1779"]
[BlackElo "1915"]
[PlyCount "58"]
[EventDate "2017.03.19"]
[WhiteTeam "CSC Hippos (3)"]
[BlackTeam "Barnet Knights 2"]

1. e4 e5 2. Bc4 Nf6 3. d3 d6 4. Nc3 Nc6 5. f4 Bg4 6. Nf3 Nh5 7. h3 Bxf3 8. Qxf3
Qh4+ 9. Kd1 Nd4 10. Qe3 Nxf4 11. g3 Qh5+ 12. g4 Qh4 13. Nd5 Nxd5 14. Bxd5 c6
15. Bc4 Be7 16. c3 Ne6 17. Qf3 Qf6 18. Rf1 Qxf3+ 19. Rxf3 O-O 20. Kc2 Rad8 21.
Be3 d5 22. Bb3 Bc5 23. exd5 cxd5 24. Re1 d4 25. Bg1 dxc3 26. Bxe6 Bxg1 27. Bc4
Bh2 28. bxc3 Bf4 29. d4 Rde8 1/2-1/2

[Event "4NCL Division 4 South"]
[Site "Reading, ENG"]
[Date "2017.03.19"]
[Round "8.112"]
[White "Balouka Myers, Gabriel"]
[Black "Sapkowska, Agnieszka"]
[Result "0-1"]
[WhiteElo "1825"]
[BlackElo "1762"]
[PlyCount "104"]
[EventDate "2017.03.19"]
[WhiteTeam "Barnet Knights 2"]
[BlackTeam "CSC Hippos (3)"]

1. Nf3 d5 2. g3 Nf6 3. Bg2 Nc6 4. d4 Bf5 5. c4 e6 6. O-O Be7 7. Nc3 O-O 8. Ne5
Nxe5 9. dxe5 Ne4 10. cxd5 Nxc3 11. bxc3 exd5 12. Bxd5 c6 13. Bg2 Qa5 14. e4 Be6
15. Qe2 Qxe5 16. Bb2 b5 17. Qc2 Qc5 18. Kh1 Rfd8 19. a4 b4 20. f4 b3 21. Qc1
Qb6 22. c4 Qa5 23. f5 Bc8 24. f6 Bxf6 25. Bxf6 gxf6 26. Rxf6 Qd2 27. Qf1 b2 28.
Rb1 Bg4 29. Rf2 Qb4 30. Rfxb2 Qxa4 31. Rb7 Rd1 32. Rxd1 Qxd1 33. Rxf7 Qxf1+ 34.
Rxf1 Be2 35. Rc1 a5 {(=)} 36. e5 Ra6 37. c5 Kf7 38. Bf1 Bxf1 39. Rxf1+ Ke6 40.
Re1 a4 41. Kg2 a3 42. Kf3 a2 43. Ra1 Kxe5 44. Kg4 Kd5 45. Kf5 Kxc5 46. g4 Kb4
47. g5 Kb3 48. h4 Kb2 49. Rf1 a1=Q 50. Rxa1 Rxa1 51. h5 c5 52. g6 hxg6+ 0-1